Ini Bukan Aku Punya
| Main Author: | |
|---|---|
| Format: | Book |
| Published: |
Selangor :
TSM Publication & Distributor ,
2005
|
| Series: | Siri Moral Kanak-Kanak Pintar
|
MARC
| LEADER | 00000cam a2200000 7i4500 | ||
|---|---|---|---|
| 001 | 0000046249 | ||
| 005 | 20150318.0 | ||
| 008 | 150318 | ||
| 020 | |a 9789833276141 | ||
| 020 | |a 9789833276148 | ||
| 090 | 0 | 0 | |a MOR |b MAL |
| 100 | 0 | |a Ruiye | |
| 245 | 1 | 0 | |a Ini Bukan Aku Punya |c Ruiye |
| 260 | |a Selangor : |b TSM Publication & Distributor , |c 2005 | ||
| 490 | 0 | |a Siri Moral Kanak-Kanak Pintar | |
| 999 | |a 0001148799 |b Book |c Children Collection |e Cawangan Mersing | ||